| 000 | 01209cam a2200289 i 4500 | ||
|---|---|---|---|
| 001 | 26624 | ||
| 003 | Mx-PuUPA | ||
| 005 | 20250630152932.0 | ||
| 008 | 140415s2018 mx abd r 000 0 spa|d | ||
| 040 |
_aMx-PuUPA _bspa _cMx-PuUPA _dMx-PuUPA _erda |
||
| 041 | 1 |
_aspa _aeng |
|
| 245 | 1 | 0 |
_aAnuario de migración y remesas México = _bYearbook of migration and remittances Mexico 2018 / _ccoordinación general / general coordination, Carlos Serrano Herrera |
| 246 | 3 | 1 | _aYearbook of migration and remittances Mexico 2018 |
| 250 | _aPrimera edición / First edition | ||
| 264 | 1 |
_aCiudad de México : _bFundación BBVA Bancomer, Consejo Nacional de Población, _c2018 |
|
| 300 |
_a181 páginas : _bilustraciones, mapas, gráficas ; _c22 cm. |
||
| 336 |
_2rdacontent _atexto _btxt |
||
| 337 |
_2rdamedia _asin medio _bn |
||
| 338 |
_2rdacarrier _avolumen _bnc |
||
| 650 | 4 |
_aMigración _xRemesas _xEstadísticas _zMéxico |
|
| 650 | 4 |
_aMigrantes _xDemografía |
|
| 700 | 1 |
_aSerrano Herrera, Carlos, _ecoordinador _99999 |
|
| 942 |
_2ddc _cLI _h304.873072 _iA636 |
||
| 999 |
_c26624 _d26624 |
||